[Event "España tch ONCE 2009 Segunda División"]
[Site "Fuengirola ESP"]
[Date "2009.11.28"]
[Round "7.11"]
[White "Gimeno Diaz, Fernando"]
[Black "Fernandez Lago, David"]
[Result "0-1"]
[PlyCount "41"]
[EventDate "2009.11.22"]
[EventType "team-"]
[EventRounds "7"]
[EventCountry "ESP"]
[Source "lmi"]
[SourceDate "2009.11.22"]
[WhiteElo "1931"]
[BlackElo "2003"]

1. d4 d5 2. Nf3 e6 3. c4 c6 4. Nc3 dxc4 5. a4 Bb4 6. e3 b5 7. Bd2 a5 8. axb5
Bxc3 9. Bxc3 cxb5 10. b3 Bb7 11. bxc4 b4 12. Bb2 Nf6 13. Bd3 O-O 14. O-O Nbd7
15. Nd2 Bc6 16. e4 Nc5 17. Qe2 Na4 18. Nb3 Nxb2 19. Qxb2 Nxe4 20. d5 exd5 21.
cxd5 0-1

[Event "España tch ONCE 2009 Segunda División"]
[Site "Fuengirola ESP"]
[Date "2009.11.28"]
[Round "7.12"]
[White "Lago Carballo, Carmen"]
[Black "Sancho Luño, Vicente"]
[Result "1/2-1/2"]
[PlyCount "39"]
[EventDate "2009.11.22"]
[EventType "team-"]
[EventRounds "7"]
[EventCountry "ESP"]
[Source "lmi"]
[SourceDate "2009.11.22"]
[WhiteElo "1474"]
[BlackElo "1819"]

1. e4 e5 2. d4 Nc6 3. d5 Nb8 4. Nc3 d6 5. Nf3 a6 6. Be2 Nf6 7. O-O Be7 8. Be3
h6 9. h3 O-O 10. Nh2 Nbd7 11. Ng4 Nxg4 12. Bxg4 Nf6 13. Bxc8 Rxc8 14. Kh1 Nh7
15. Rg1 Bg5 16. Qe2 Qd7 17. Raf1 f5 18. f4 exf4 19. Bxf4 Bxf4 20. Rxf4 1/2-1/2

[Event "España tch ONCE 2009 Segunda División"]
[Site "Fuengirola ESP"]
[Date "2009.11.28"]
[Round "7.13"]
[White "Bueno Cardenas, Rafael"]
[Black "Martinez Perez, Carlos"]
[Result "1/2-1/2"]
[PlyCount "26"]
[EventDate "2009.11.22"]
[EventType "team-"]
[EventRounds "7"]
[EventCountry "ESP"]
[Source "lmi"]
[SourceDate "2009.11.22"]
[WhiteElo "1526"]
[BlackElo "1611"]

1. e4 c5 2. Nf3 e6 3. d4 cxd4 4. Nxd4 Nf6 5. Nc3 Nc6 6. Nxc6 bxc6 7. Bg5 Bb4 8.
e5 Qa5 9. Qd4 Ne4 10. Bd2 Nxd2 11. Kxd2 Bc5 12. Qh4 f5 13. Rb1 Rb8 1/2-1/2

[Event "España tch ONCE 2009 Segunda División"]
[Site "Fuengirola ESP"]
[Date "2009.11.28"]
[Round "7.21"]
[White "Diez Asensio, Jesus"]
[Black "Salas Rasilla, Concepcion"]
[Result "1-0"]
[PlyCount "47"]
[EventDate "2009.11.22"]
[EventType "team-"]
[EventRounds "7"]
[EventCountry "ESP"]
[Source "lmi"]
[SourceDate "2009.11.22"]
[WhiteElo "1821"]
[BlackElo "1838"]

1. e4 c6 2. d4 d5 3. exd5 cxd5 4. Bd3 Nc6 5. c3 Qc7 6. h3 Nf6 7. Nf3 e6 8. O-O
Be7 9. Re1 O-O 10. Ne5 Bd7 11. Bf4 Bd6 12. Nd2 Be8 13. Ndf3 Nh5 14. Bd2 Nf6 15.
Rc1 Nd7 16. Bxh7+ Kxh7 17. Ng5+ Kg8 18. Nxd7 Be7 19. Nxf8 Bxg5 20. Bxg5 Kxf8
21. Qh5 Kg8 22. Qf3 Ne7 23. Bxe7 Qxe7 24. Qxd5 1-0

[Event "España tch ONCE 2009 Segunda División"]
[Site "Fuengirola ESP"]
[Date "2009.11.28"]
[Round "7.22"]
[White "Bezanilla Fernandez, Angel"]
[Black "Ampudia Asensio, Jose Luis"]
[Result "0-1"]
[PlyCount "34"]
[EventDate "2009.11.22"]
[EventType "team-"]
[EventRounds "7"]
[EventCountry "ESP"]
[Source "lmi"]
[SourceDate "2009.11.22"]
[WhiteElo "1747"]
[BlackElo "1591"]

1. e4 e6 2. Nf3 d5 3. Nc3 Nf6 4. e5 Nfd7 5. d4 c5 6. dxc5 Bxc5 7. Bd3 Nc6 8.
Bf4 f6 9. exf6 Nxf6 10. Bg5 O-O 11. Bxh7+ Kxh7 12. O-O Qe8 13. Nh4 Qh5 14. Qd3+
Kg8 15. Nf3 Bd6 16. g3 Nh7 17. h4 Qxf3 0-1

[Event "España tch ONCE 2009 Segunda División"]
[Site "Fuengirola ESP"]
[Date "2009.11.28"]
[Round "7.23"]
[White "Sanz Garcia, Ramon"]
[Black "Gonzalez Quijano, Leopoldo"]
[Result "1/2-1/2"]
[PlyCount "45"]
[EventDate "2009.11.22"]
[EventType "team-"]
[EventRounds "7"]
[EventCountry "ESP"]
[Source "lmi"]
[SourceDate "2009.11.22"]
[WhiteElo "1624"]
[BlackElo "1692"]

1. e4 e6 2. d3 Nc6 3. Nf3 Nf6 4. g3 Bc5 5. Bg2 d5 6. Nbd2 O-O 7. O-O b6 8. c3
Ba6 9. Nb3 dxe4 10. Nxc5 bxc5 11. Ne1 Ne5 12. Qa4 Bxd3 13. Nxd3 Qxd3 14. Rd1
Qc4 15. Qc2 Rad8 16. Bf1 Nf3+ 17. Kh1 Rxd1 18. Qxd1 Qd5 19. Qxd5 exd5 20. Bf4
c6 21. Bd6 Rd8 22. Bxc5 a5 23. h3 1/2-1/2

[Event "España tch ONCE 2009 Segunda División"]
[Site "Fuengirola ESP"]
[Date "2009.11.28"]
[Round "7.31"]
[White "Rodriguez Aguilera, Aurelio"]
[Black "Zanoletty Garcia, David"]
[Result "1/2-1/2"]
[PlyCount "42"]
[EventDate "2009.11.22"]
[EventType "team-"]
[EventRounds "7"]
[EventCountry "ESP"]
[Source "lmi"]
[SourceDate "2009.11.22"]
[WhiteElo "1981"]
[BlackElo "2004"]

1. d4 d5 2. c4 e6 3. cxd5 exd5 4. Nc3 c6 5. Bf4 Nf6 6. Nf3 Bf5 7. e3 Ne4 8. Qb3
Qb6 9. Be2 Nd7 10. O-O Be7 11. Qxb6 axb6 12. Nxe4 Bxe4 13. Ne5 h5 14. Nxd7 Kxd7
15. f3 Bf5 16. Rfd1 g5 17. Bg3 f6 18. Bd3 Be6 19. a3 g4 20. fxg4 hxg4 21. Rf1
c5 1/2-1/2

[Event "España tch ONCE 2009 Segunda División"]
[Site "Fuengirola ESP"]
[Date "2009.11.28"]
[Round "7.32"]
[White "Rubio Mancebon, Pedro Jose"]
[Black "Delgado Lagares, Francisco Javier"]
[Result "1/2-1/2"]
[PlyCount "64"]
[EventDate "2009.11.22"]
[EventType "team-"]
[EventRounds "7"]
[EventCountry "ESP"]
[Source "lmi"]
[SourceDate "2009.11.22"]
[WhiteElo "1940"]
[BlackElo "1682"]

1. d4 d5 2. c4 e6 3. Nc3 Be7 4. Nf3 Nf6 5. Bg5 O-O 6. e3 a6 7. Rc1 Nbd7 8. cxd5
exd5 9. Bd3 h6 10. Bh4 Re8 11. O-O c6 12. Qc2 Bd6 13. Bg3 Bxg3 14. hxg3 Ng4 15.
Bh7+ Kh8 16. Bf5 Ndf6 17. Nh4 h5 18. Bxc8 Rxc8 19. Qf5 Nh6 20. Qd3 Nfg4 21. Nf5
Nxf5 22. Qxf5 g6 23. Qxf7 Qf6 24. Qxf6+ Nxf6 25. Na4 Rc7 26. Nc5 Ne4 27. Nxe4
Rxe4 28. Rc3 h4 29. gxh4 Rxh4 30. g3 Rh3 31. Kg2 Rch7 32. Kf3 Kg7 1/2-1/2

[Event "España tch ONCE 2009 Segunda División"]
[Site "Fuengirola ESP"]
[Date "2009.11.28"]
[Round "7.33"]
[White "Devesa Seoane, Antonio"]
[Black "Sanchez Ruiz, Piedad Esmeralda"]
[Result "1-0"]
[PlyCount "65"]
[EventDate "2009.11.22"]
[EventType "team-"]
[EventRounds "7"]
[EventCountry "ESP"]
[Source "lmi"]
[SourceDate "2009.11.22"]
[WhiteElo "1829"]
[BlackElo "1958"]

1. e4 c5 2. Nf3 e6 3. d4 cxd4 4. Nxd4 a6 5. Nc3 Qc7 6. Bd3 b5 7. O-O Bb7 8. Kh1
Nf6 9. h3 b4 10. Nce2 Nxe4 11. Bxe4 Bxe4 12. c3 bxc3 13. Nxc3 Bb7 14. Re1 g6
15. Be3 Bg7 16. Rc1 Nc6 17. Ndb5 axb5 18. Nxb5 Qb8 19. Nd6+ Ke7 20. Nxf7 Bc8
21. Qf3 Ke8 22. Bc5 Rf8 23. Bxf8 Bxf8 24. Ng5 Qd6 25. Qf7+ Kd8 26. Rcd1 Nd4 27.
Qxh7 Kc7 28. Nxe6+ Nxe6 29. Rxd6 Bxd6 30. Rxe6 Rxa2 31. Re1 Rxb2 32. Qxg6 Bb7
33. Rb1 1-0

[Event "España tch ONCE 2009 Segunda División"]
[Site "Fuengirola ESP"]
[Date "2009.11.28"]
[Round "7.34"]
[White "Sanchez Ruiz, Justo"]
[Black "Aragon Pons, Domingo"]
[Result "0-1"]
[PlyCount "42"]
[EventDate "2009.11.22"]
[EventType "team-"]
[EventRounds "7"]
[EventCountry "ESP"]
[Source "lmi"]
[SourceDate "2009.11.22"]
[WhiteElo "1789"]
[BlackElo "1727"]

1. e4 d5 2. exd5 Qxd5 3. Nc3 Qa5 4. d4 c6 5. Nf3 Nf6 6. Bc4 Bg4 7. h3 Bh5 8. g4
Bg6 9. Ne5 e6 10. Bd2 Qc7 11. Nxg6 hxg6 12. Qe2 Nbd7 13. O-O-O Bd6 14. Kb1
O-O-O 15. Bg5 Rde8 16. Qd2 Nb6 17. Bb3 Nbd5 18. Nxd5 exd5 19. c4 Ne4 20. Qe3
Nxg5 21. Qxg5 Bf4 0-1

[Event "España tch ONCE 2009 Segunda División"]
[Site "Fuengirola ESP"]
[Date "2009.11.28"]
[Round "7.41"]
[White "Fernandez Cabello, Emilio"]
[Black "Bernabe Monteagudo, Francesc"]
[Result "0-1"]
[PlyCount "45"]
[EventDate "2009.11.22"]
[EventType "team-"]
[EventRounds "7"]
[EventCountry "ESP"]
[Source "lmi"]
[SourceDate "2009.11.22"]
[WhiteElo "1830"]
[BlackElo "1876"]

1. e4 e6 2. d4 d5 3. e5 c5 4. c3 Qb6 5. Nf3 Bd7 6. Bd3 Nc6 7. O-O cxd4 8. cxd4
Nxd4 9. Nxd4 Qxd4 10. Qe2 a6 11. Rd1 Qb6 12. Kh1 Ne7 13. f4 g6 14. a3 h5 15. b4
Nf5 16. Bxf5 gxf5 17. Be3 Qd8 18. Bd4 Qh4 19. Qf2 Qxf2 20. Bxf2 Bh6 21. Rd4 b5
22. Bh4 Rc8 23. Nd2 0-1

[Event "España tch ONCE 2009 Segunda División"]
[Site "Fuengirola ESP"]
[Date "2009.11.28"]
[Round "7.42"]
[White "Martinez Lopez-Cozar, Manuel"]
[Black "Escabias Perez, Miguel"]
[Result "0-1"]
[PlyCount "88"]
[EventDate "2009.11.22"]
[EventType "team-"]
[EventRounds "7"]
[EventCountry "ESP"]
[Source "lmi"]
[SourceDate "2009.11.22"]
[WhiteElo "1704"]
[BlackElo "1733"]

1. d4 Nf6 2. c4 e5 3. dxe5 Ng4 4. Bf4 Nc6 5. Nf3 Bb4+ 6. Nc3 Qe7 7. Qd5 O-O 8.
h3 Nh6 9. e4 d6 10. Qd2 dxe5 11. Bxh6 gxh6 12. Qxh6 Qe6 13. Qe3 Re8 14. Be2 Nd4
15. Bd3 Qf6 16. Qg5+ Qxg5 17. Nxg5 c6 18. a3 Bf8 19. Nf3 Bg7 20. Ne2 Nb3 21.
Rd1 Be6 22. O-O Rad8 23. Ng5 Bc8 24. Nf3 Nc5 25. Bc2 b6 26. b3 a5 27. Nc3 Ne6
28. Ne2 c5 29. Nc3 Nd4 30. Ne1 Bb7 31. Nd5 Bxd5 32. cxd5 b5 33. Rb1 Ra8 34. Bd3
Rec8 35. Nc2 c4 36. Nxd4 exd4 37. bxc4 bxc4 38. Bc2 d3 39. Ba4 c3 40. Rbc1 c2
41. d6 Bb2 42. d7 Rd8 43. f4 Bxc1 44. Rf3 Bxf4 0-1

[Event "España tch ONCE 2009 Segunda División"]
[Site "Fuengirola ESP"]
[Date "2009.11.28"]
[Round "7.43"]
[White "De Los Heros Torres, Francisco"]
[Black "Suarez Hernandez, Francisco"]
[Result "1/2-1/2"]
[PlyCount "77"]
[EventDate "2009.11.22"]
[EventType "team-"]
[EventRounds "7"]
[EventCountry "ESP"]
[Source "lmi"]
[SourceDate "2009.11.22"]
[WhiteElo "1692"]
[BlackElo "1654"]

1. e4 e6 2. d4 c5 3. Nf3 cxd4 4. Nxd4 a6 5. Nc3 d6 6. Bd3 Nf6 7. Be3 Qc7 8. h3
Nc6 9. O-O Be7 10. f4 O-O 11. Nf3 Nh5 12. Qe1 Qd8 13. a3 g6 14. Ne2 Bf6 15. Rb1
d5 16. e5 Be7 17. Qf2 Ng7 18. Ng5 Nxe5 19. fxe5 Bxg5 20. Bxg5 Qxg5 21. Qf4 Qxf4
22. Nxf4 Bd7 23. Rf3 Nf5 24. Ne2 Rac8 25. Rf4 Ne3 26. Nd4 Nc4 27. Bxc4 Rxc4 28.
c3 Kg7 29. Rbf1 Rcc8 30. Rf6 Rce8 31. g4 Bb5 32. R1f2 Bd3 33. Kg2 Be4+ 34. Kg3
h6 35. h4 Re7 36. Kh3 Bd3 37. Kg3 Bb5 38. Kh2 Bd7 39. Kh3 1/2-1/2